English for presentations

Đã lưu trong:
Sonraí Bibleagrafaíochta
Príomhúdar:  Grussendorf, Marion
Formáid: Sách
Teanga:Undetermined
Foilsithe:  Oxford University Press  2007
Ábhair:
Clibeanna: Cuir Clib Leis
Gan Chlibeanna, Bí ar an gcéad duine leis an taifead seo a chlibeáil!
Thư viện lưu trữ: Trung tâm Thư viện - Trường Đại học Công nghiệp TP. Hồ Chí Minh
LEADER 00501nam a2200157Ia 4500
001 UIH_06003
008 231011s9999 xx 000 0 und d
082 |a  428.2402465 
100 |a  Grussendorf, Marion 
245 0 |a  English for presentations 
245 0 |c  Grussendorf, Marion 
260 |b  Oxford University Press 
260 |c  2007 
650 |a  Tiếng Anh; Tiếng Anh;  
927 |a Sách 
980 |a Trung tâm Thư viện - Trường Đại học Công nghiệp TP. Hồ Chí Minh